[Event "ICS rated blitz match"]
[Site "204.178.125.65"]
[Date "2001.01.17"]
[Round "?"]
[White "Hossa"]
[Black "Valg"]
[Result "0-1"]
[WhiteElo "2523"]
[BlackElo "2776"]
[PlyCount "94"]
[EventDate "2001.??.??"]

1. e4 c5 2. Nf3 d6 3. d4 cxd4 4. Nxd4 Nf6 5. Nc3 a6 6. Be2 e5 7. Nb3 Be7 8. O-O
O-O 9. Be3 Be6 10. Qd2 Nbd7 11. Rad1 b5 12. a3 Nb6 13. Na5 Qc7 14. Bg5 Na4 15.
Bxf6 Bxf6 16. Nxa4 bxa4 17. b4 axb3 18. cxb3 Rfc8 19. Bc4 Bg4 20. Rc1 Qd8 21.
Nc6 Rxc6 22. Bxf7+ Kxf7 23. Rxc6 Ke7 24. b4 Qb8 25. Rfc1 Bd7 26. R6c2 Qb7 27.
Rd1 Qb6 28. Rc3 Rc8 29. Rd3 Ba4 30. Rxd6 Qc7 31. Rxa6 Bxd1 32. Qxd1 Rd8 33. Qb1
Qb7 34. Ra5 Qxe4 35. Ra7+ Kf8 36. Qf1 Qc2 37. g3 Rd1 38. Ra5 Rxf1+ 39. Kxf1 e4
40. a4 Qd1+ 41. Kg2 Qf3+ 42. Kg1 Bd4 43. Rf5+ Qxf5 44. Kg2 h5 45. a5 Qxf2+ 46.
Kh3 Bf6 47. b5 Qf1# {Hossa checkmated} 0-1

[Event "ICS rated blitz match"]
[Site "204.178.125.65"]
[Date "2001.01.17"]
[Round "?"]
[White "Valg"]
[Black "Hossa"]
[Result "1-0"]
[WhiteElo "2782"]
[BlackElo "2518"]
[PlyCount "193"]
[EventDate "2001.??.??"]

1. d4 Nf6 2. c4 e6 3. Nc3 Bb4 4. e3 O-O 5. Bd3 d5 6. Nf3 c5 7. O-O Nc6 8. a3
Bxc3 9. bxc3 dxc4 10. Bxc4 Na5 11. Be2 cxd4 12. exd4 Qc7 13. Qc2 Nc4 14. Rb1 b6
15. Rb4 Nd6 16. Re1 Bb7 17. Bd2 Be4 18. Qc1 Nd5 19. Rb3 Bxf3 20. Bxf3 Nc4 21.
h3 Rac8 22. Bg5 Rfe8 23. Rb1 Na5 24. Bxd5 exd5 25. Rxe8+ Rxe8 26. a4 Nc4 27.
Ra1 Qd6 28. Bf4 Qf6 29. Bg3 Qf5 30. Qf4 Qc2 31. Qc1 Qxc1+ 32. Rxc1 f5 33. f3
Re2 34. Bb8 Ne3 35. g3 Ra2 36. Re1 Nc4 37. Bxa7 Rxa4 38. Bb8 Ra3 39. Rc1 Ra2
40. Bf4 g6 41. g4 Kf7 42. gxf5 gxf5 43. Rf1 Rc2 44. Rc1 Re2 45. Rf1 Kf6 46. Rf2
Re8 47. h4 b5 48. Ra2 Kf7 49. h5 Re1+ 50. Kf2 Re7 51. h6 Rb7 52. Ra6 Nb6 53.
Ke2 Ke8 54. Bg5 Nc4 55. Rc6 Rd7 56. Rc5 Kf7 57. Rxb5 Kg6 58. Bf4 Kf6 59. Kd3
Kg6 60. Rb8 Kf6 61. Rg8 Nb2+ 62. Ke2 Nc4 63. Bg5+ Ke6 64. Rg7 Rf7 65. Kd3 Rd7
66. Ke2 Rf7 67. Kd3 Rd7 68. Bf4 Re7 69. Kc2 Rf7 70. Kb3 Rxg7 71. hxg7 Kf7 72.
Kb4 Nb2 73. Bh6 Nd3+ 74. Kb5 Ne1 75. Kc6 Nxf3 76. Kxd5 Nh2 77. g8=Q+ Kxg8 78.
Ke6 Ng4 79. Bf4 Nf2 80. Kxf5 Nd1 81. c4 Kf7 82. d5 Nf2 83. c5 Nd3 84. c6 Nb4
85. Ke5 Ke8 86. Bg5 Nd3+ 87. Kd6 Kf7 88. c7 Nf2 89. c8=Q Ne4+ 90. Kc6 Nxg5 91.
Qf5+ Kg7 92. Qxg5+ Kf8 93. Qh6+ Kg8 94. d6 Kf7 95. d7 Ke7 96. d8=Q+ Kxd8 97.
Qf8# {Hossa checkmated} 1-0

[Event "ICS rated blitz match"]
[Site "204.178.125.65"]
[Date "2001.01.17"]
[Round "?"]
[White "Hossa"]
[Black "chesskeats"]
[Result "1-0"]
[WhiteElo "2512"]
[BlackElo "1979"]
[PlyCount "41"]
[EventDate "2001.??.??"]

1. e4 c5 2. Nf3 d6 3. d4 cxd4 4. Nxd4 Nf6 5. Nc3 a6 6. a4 e6 7. Be2 Be7 8. O-O
O-O 9. f4 Nc6 10. Nxc6 bxc6 11. Be3 c5 12. e5 dxe5 13. Qxd8 Rxd8 14. fxe5 Nd5
15. Nxd5 exd5 16. Rad1 Be6 17. Bf3 c4 18. Bb6 Rdc8 19. Bxd5 Bc5+ 20. Bxc5 Rxc5
21. Bxa8 {chesskeats resigns} 1-0

[Event "ICS rated blitz match"]
[Site "204.178.125.65"]
[Date "2001.01.17"]
[Round "?"]
[White "chesskeats"]
[Black "Hossa"]
[Result "0-1"]
[WhiteElo "1978"]
[BlackElo "2513"]
[PlyCount "76"]
[EventDate "2001.??.??"]

1. e4 e5 2. Nf3 Nc6 3. Bb5 a6 4. Bxc6 dxc6 5. d4 exd4 6. Qxd4 Qxd4 7. Nxd4 Bd7
8. Nc3 O-O-O 9. Be3 Bb4 10. Nde2 Kb8 11. a3 Bd6 12. f4 Nh6 13. h3 c5 14. f5 Ng8
15. O-O-O g6 16. g4 gxf5 17. exf5 Bc6 18. Rhg1 Nf6 19. Bf4 Bf3 20. Rdf1 Bxe2
21. Nxe2 Rhe8 22. Nc3 Bxf4+ 23. Rxf4 Rd4 24. Rgf1 h6 25. h4 Nxg4 26. Rxd4 cxd4
27. Nd5 c6 28. Nf4 Ne3 29. Rg1 Re4 30. Nd3 Rxh4 31. f6 Rh2 32. c3 dxc3 33. bxc3
Rc2+ 34. Kb1 Rxc3 35. Ne5 Rxa3 36. Nxf7 Nd5 37. Rg8+ Ka7 38. Nd6 Nxf6 {
chesskeats resigns} 0-1

[Event "ICS rated blitz match"]
[Site "204.178.125.65"]
[Date "2001.01.17"]
[Round "?"]
[White "Hossa"]
[Black "raakile"]
[Result "1-0"]
[WhiteElo "2514"]
[BlackElo "2254"]
[PlyCount "105"]
[EventDate "2001.??.??"]

1. e4 c5 2. Nf3 d6 3. d4 cxd4 4. Nxd4 Nf6 5. Nc3 g6 6. Be3 Bg7 7. f3 O-O 8. Qd2
Nc6 9. Bc4 Bd7 10. O-O-O Qa5 11. Nb3 Qc7 12. Nb5 Qb8 13. Kb1 a6 14. Nc3 b5 15.
Bf1 Rc8 16. Nd5 Nxd5 17. exd5 Ne5 18. Bh6 Bxh6 19. Qxh6 a5 20. Bd3 a4 21. Nd4
b4 22. h4 b3 23. h5 Nxd3 24. Rxd3 bxc2+ 25. Nxc2 Bf5 26. hxg6 Bxg6 27. Qg5 a3
28. Rb3 Qa7 29. Rxa3 Qf2 30. Rxa8 Qxc2+ 31. Ka1 Rxa8 32. Qe3 Qc4 33. a3 Qxd5
34. Qxe7 Qd4 35. Ka2 Qc4+ 36. Ka1 Qd4 37. Ka2 Rb8 38. Qe2 Qd5+ 39. Ka1 Qe5 40.
Qxe5 dxe5 41. Re1 Re8 42. a4 f5 43. b4 e4 44. fxe4 fxe4 45. Kb2 e3 46. a5 e2
47. Kc3 Bh5 48. b5 Rd8 49. a6 Rd1 50. a7 Rxe1 51. a8=Q+ Kg7 52. Qb7+ Bf7 53.
Kd2 {raakile resigns} 1-0

[Event "ICS rated blitz match"]
[Site "204.178.125.65"]
[Date "2001.01.17"]
[Round "?"]
[White "Hossa"]
[Black "Valg"]
[Result "0-1"]
[WhiteElo "2520"]
[BlackElo "2765"]
[PlyCount "96"]
[EventDate "2001.??.??"]

1. e4 e5 2. Nf3 Nc6 3. Bb5 a6 4. Ba4 Nf6 5. O-O Be7 6. Re1 b5 7. Bb3 O-O 8. c3
d6 9. h3 Bb7 10. d4 Re8 11. Ng5 Rf8 12. a4 h6 13. Nf3 Re8 14. axb5 axb5 15.
Rxa8 Qxa8 16. Bc2 exd4 17. cxd4 Nb4 18. Nbd2 Nxc2 19. Qxc2 Qc8 20. Qd3 c6 21.
b4 Qd7 22. Bb2 c5 23. bxc5 dxc5 24. Ne5 c4 25. Nxd7 cxd3 26. Nxf6+ gxf6 27. Re3
Rc8 28. Nf1 Rc2 29. Rg3+ Kf8 30. Rxd3 Rxb2 31. d5 Bd6 32. g4 b4 33. Rf3 Be5 34.
Kg2 Re2 35. Re3 Rxe3 36. Nxe3 Ba6 37. d6 b3 38. Nd5 Bxd6 39. Nc3 b2 40. g5 fxg5
41. e5 Bb4 42. Nd1 b1=Q 43. Ne3 Qe4+ 44. Kg1 Bb7 45. Kf1 Qb1+ 46. Ke2 Be4 47.
Nc2 Qxc2+ 48. Kf1 Qd1# {Hossa checkmated} 0-1

[Event "ICS rated blitz match"]
[Site "204.178.125.65"]
[Date "2001.01.17"]
[Round "?"]
[White "Valg"]
[Black "Hossa"]
[Result "1-0"]
[WhiteElo "2775"]
[BlackElo "2514"]
[PlyCount "109"]
[EventDate "2001.??.??"]

1. d4 Nf6 2. c4 e6 3. Nc3 Bb4 4. e3 O-O 5. Bd3 d5 6. Nf3 c5 7. O-O Nc6 8. a3
Bxc3 9. bxc3 dxc4 10. Bxc4 Qc7 11. Bd3 e5 12. Qc2 Re8 13. Nxe5 Nxe5 14. dxe5
Qxe5 15. f3 Be6 16. e4 c4 17. Be2 Qc5+ 18. Kh1 Red8 19. Rd1 a6 20. Bb2 Qf2 21.
Rd4 b5 22. Rf1 Qh4 23. g3 Qh3 24. Qd2 Nd7 25. Rd1 Ra7 26. Rd6 Qh5 27. Qe3 Rda8
28. Qf2 Qg5 29. f4 Qf6 30. f5 g6 31. g4 Ne5 32. Qg3 Re8 33. g5 Qg7 34. Rd8 Ra8
35. Rxa8 Rxa8 36. f6 Qf8 37. Qxe5 Qc8 38. Qd6 a5 39. Bf3 Kh8 40. e5 Rb8 41. Bc1
Qe8 42. Bc6 Qg8 43. Bf4 Qc8 44. Bxb5 Bg4 45. e6 Ra8 46. exf7 Bf3+ 47. Kg1 Qf8
48. Qxf8+ Rxf8 49. Rd8 Rxd8 50. Be8 Rd1+ 51. Kf2 Rf1+ 52. Kxf1 Be2+ 53. Kxe2 h6
54. f8=Q+ Kh7 55. Qg7# {Hossa checkmated} 1-0

[Event "ICS rated blitz match"]
[Site "204.178.125.65"]
[Date "2001.01.17"]
[Round "?"]
[White "Hossa"]
[Black "cmslim"]
[Result "0-1"]
[WhiteElo "2508"]
[BlackElo "2888"]
[PlyCount "98"]
[EventDate "2001.??.??"]

1. d4 Nf6 2. c4 g6 3. Nc3 d5 4. cxd5 Nxd5 5. e4 Nxc3 6. bxc3 Bg7 7. Nf3 c5 8.
Rb1 O-O 9. Be2 b6 10. O-O Bb7 11. Qd3 cxd4 12. cxd4 e6 13. Ba3 Re8 14. Qe3 Nc6
15. Bb5 a6 16. Ba4 Rc8 17. Rfd1 b5 18. Bb3 Na5 19. Qe2 f5 20. exf5 Nxb3 21.
Rxb3 exf5 22. Ne5 Qd5 23. f4 Qe4 24. Qf2 Rc2 25. Rd2 Rec8 26. Rbd3 b4 27. Rxc2
Rxc2 28. Rd2 Rxd2 29. Qxd2 bxa3 30. h3 Bd5 31. Kf1 Bxe5 32. dxe5 Kf8 33. g4
Qb1+ 34. Ke2 Qxa2 35. Qxa2 Bxa2 36. Kd2 Bd5 37. Kc2 g5 38. fxg5 f4 39. g6 hxg6
40. Kc3 a2 41. Kd4 Bg2 42. Kd3 f3 43. Ke3 a1=Q 44. Kf2 Qd4+ 45. Kg3 Bf1 46. g5
Qe3 47. Kg4 f2 48. e6 Be2+ 49. Kh4 Qf4# {Hossa checkmated} 0-1

[Event "ICS rated blitz match"]
[Site "204.178.125.65"]
[Date "2001.01.17"]
[Round "?"]
[White "libertad"]
[Black "Hossa"]
[Result "0-1"]
[WhiteElo "2133"]
[BlackElo "2505"]
[PlyCount "102"]
[EventDate "2001.??.??"]

1. e4 e5 2. Nf3 Nc6 3. Bc4 Be7 4. d4 d6 5. dxe5 dxe5 6. Qxd8+ Bxd8 7. Nc3 Nd4
8. Nxd4 exd4 9. Ne2 c5 10. O-O Nf6 11. Re1 O-O 12. f3 Be6 13. Bxe6 fxe6 14. Bd2
Bc7 15. Rad1 Kf7 16. g3 e5 17. Kg2 Bd6 18. b3 c4 19. Bg5 cxb3 20. cxb3 Bb4 21.
Rf1 Rac8 22. Bd2 d3 23. Ng1 Rc2 24. Rf2 Bc5 25. Rff1 Be3 26. Rf2 Bxf2 27. Kxf2
Rxa2 28. Ke3 Rb2 29. b4 Rb3 30. h3 Nh5 31. Kf2 Ke6 32. h4 h6 33. g4 Nf6 34. Ke3
Ra3 35. Nh3 Rd8 36. Rc1 a6 37. Nf2 Rb3 38. Rc7 g5 39. hxg5 hxg5 40. Rxb7 Nd7
41. Nh3 Kf6 42. Rc7 Nb8 43. Rh7 Rg8 44. Rb7 Ra3 45. Nf2 Rd8 46. Rb6+ Ke7 47.
Nh3 Nd7 48. Rg6 Rh8 49. Nxg5 Rh2 50. Re6+ Kf8 51. Rd6 Re2# {libertad checkmated
} 0-1

[Event "ICS rated blitz match"]
[Site "204.178.125.65"]
[Date "2001.01.17"]
[Round "?"]
[White "Hossa"]
[Black "cmslim"]
[Result "0-1"]
[WhiteElo "2508"]
[BlackElo "2900"]
[PlyCount "76"]
[EventDate "2001.??.??"]

1. e4 d6 2. d4 Nf6 3. Nc3 g6 4. f4 Bg7 5. Nf3 O-O 6. Bd3 Nc6 7. O-O Bg4 8. Be3
Nb4 9. d5 e6 10. Bb5 exd5 11. exd5 Bf5 12. Nd4 Bd7 13. Bc4 Ng4 14. Bf2 Qf6 15.
Nce2 Na6 16. Bxa6 Nxf2 17. Rxf2 bxa6 18. f5 Rab8 19. fxg6 Qxg6 20. b3 Bg4 21.
Rb1 Bh6 22. Nc6 Rbe8 23. h3 Bxh3 24. Qf1 Kh8 25. Nf4 Bxf4 26. Rxf4 Rg8 27. Rf2
Qh5 28. c4 Qh4 29. Rd1 Re4 30. Qd3 Rxg2+ 31. Rxg2 Bxg2 32. Qc3+ f6 33. Rd4 Qh1+
34. Kf2 Qf1+ 35. Kg3 Qf4+ 36. Kxg2 Re2+ 37. Kg1 Qh2+ 38. Kf1 Qg2# {
Hossa checkmated} 0-1

[Event "ICS rated blitz match"]
[Site "204.178.125.65"]
[Date "2001.01.17"]
[Round "?"]
[White "Hossa"]
[Black "Casanova"]
[Result "1-0"]
[WhiteElo "2505"]
[BlackElo "1913"]
[PlyCount "75"]
[EventDate "2001.??.??"]

1. e4 e5 2. Nf3 d6 3. d4 exd4 4. Nxd4 b6 5. Bb5+ Bd7 6. Bxd7+ Qxd7 7. O-O Nc6
8. Nxc6 Qxc6 9. Qd3 O-O-O 10. Nc3 Nf6 11. Bg5 h6 12. Bxf6 gxf6 13. Qa6+ Kb8 14.
g3 h5 15. f3 h4 16. g4 Bh6 17. f4 h3 18. Qe2 Rhg8 19. Rf2 Rg7 20. Nd5 Rc8 21.
c4 Rcg8 22. Nxf6 Rh8 23. b4 d5 24. Nh5 Rg6 25. cxd5 Qd6 26. b5 Rhg8 27. g5 Bxg5
28. fxg5 Rxg5+ 29. Ng3 Qc5 30. Qc2 Rxg3+ 31. hxg3 Qd6 32. Rxf7 Qxg3+ 33. Kh1
Qd6 34. Rc1 Rg2 35. Qxc7+ Qxc7 36. Rcxc7 Rxa2 37. d6 Re2 38. Rf8# {
Casanova checkmated} 1-0

[Event "ICS rated blitz match"]
[Site "204.178.125.65"]
[Date "2001.01.17"]
[Round "?"]
[White "QueenMaxima"]
[Black "Hossa"]
[Result "1-0"]
[WhiteElo "2430"]
[BlackElo "2506"]
[PlyCount "93"]
[EventDate "2001.??.??"]

1. d4 Nf6 2. Nf3 e6 3. g3 c5 4. Bg2 cxd4 5. O-O d5 6. Nxd4 Na6 7. Nc3 Bb4 8.
Qd3 O-O 9. a3 Bxc3 10. Qxc3 e5 11. Nf3 Re8 12. Qb3 Nc5 13. Qb4 Nfe4 14. Bg5 f6
15. Be3 d4 16. Rad1 Qc7 17. Bc1 Be6 18. Qe1 Nd6 19. c3 dxc3 20. Qxc3 Nde4 21.
Qe3 Bb3 22. Rde1 Rac8 23. Nd2 Nxd2 24. Bxd2 Bc4 25. Bb4 b6 26. Rc1 Qf7 27. Rfd1
e4 28. Bh3 Rc7 29. Bf5 g6 30. Bh3 f5 31. Bg2 Rec8 32. Bc3 Na4 33. Be5 Rc5 34.
f4 exf3 35. exf3 Re8 36. f4 Nxb2 37. Rd2 Na4 38. Rcd1 Rcc8 39. Rd6 Nc5 40. Bc6
Rf8 41. Bc3 a6 42. Qe5 Qf6 43. Rxf6 Ne6 44. Rxf8+ Rxf8 45. Rd7 Rf6 46. Qxf6
Nxf4 47. Rd8# {Hossa checkmated} 1-0

[Event "ICS rated blitz match"]
[Site "204.178.125.65"]
[Date "2001.01.17"]
[Round "?"]
[White "Hossa"]
[Black "QueenMaxima"]
[Result "1/2-1/2"]
[WhiteElo "2487"]
[BlackElo "2450"]
[PlyCount "57"]
[EventDate "2001.??.??"]

1. e4 c5 2. Nf3 Nc6 3. d4 Qa5+ 4. Bd2 Qb6 5. d5 Nd4 6. Bc3 Nb5 7. Bxb5 Qxb5 8.
Na3 Qa6 9. Qd3 Qxd3 10. cxd3 a6 11. O-O d6 12. d4 Nf6 13. Nd2 b6 14. dxc5 bxc5
15. Nac4 Rb8 16. Na5 Bd7 17. f4 e6 18. Rfe1 Be7 19. Ndc4 O-O 20. Rad1 Ne8 21.
Nc6 Bxc6 22. dxc6 Kh8 23. Re3 Rc8 24. Na5 Bd8 25. Nb7 Be7 26. Na5 Bd8 27. Nb7
Be7 28. Na5 Bd8 29. Nb7 {Game drawn by repetition} 1/2-1/2

[Event "ICS rated standard match"]
[Site "204.178.125.65"]
[Date "2001.01.17"]
[Round "?"]
[White "Hossa"]
[Black "jossu"]
[Result "1/2-1/2"]
[WhiteElo "2274"]
[BlackElo "2247"]
[PlyCount "75"]
[EventDate "2001.??.??"]

1. e4 c5 2. Nf3 e6 3. d4 cxd4 4. Nxd4 Nc6 5. Nc3 Qc7 6. Be2 a6 7. O-O Nf6 8.
Be3 Bb4 9. Na4 Be7 10. Nxc6 bxc6 11. Nb6 Rb8 12. Nxc8 Qxc8 13. e5 Nd5 14. Bc1
Bc5 15. Qd3 Qc7 16. Qe4 O-O 17. Bxa6 f5 18. exf6 Nxf6 19. Qe2 Qa7 20. Bd3 Nd5
21. Be4 Nf4 22. Bxf4 Rxf4 23. c3 Rbf8 24. Bf3 R8f6 25. b4 Bb6 26. a4 Qb8 27.
Qc2 Rxf3 28. gxf3 Rg6+ 29. Kh1 Rh6 30. f4 Rxh2+ 31. Kxh2 Qxf4+ 32. Kg2 Qg4+ 33.
Kh1 Qf3+ 34. Kg1 Qg3+ 35. Kh1 Qh3+ 36. Kg1 Qg3+ 37. Kh1 Qh3+ 38. Kg1 {
Game drawn by mutual agreement} 1/2-1/2

[Event "ICS Rated standard match"]
[Site "204.178.125.65"]
[Date "2001.01.17"]
[Round "?"]
[White "QuarkX"]
[Black "Hossa"]
[Result "0-1"]
[WhiteElo "2306"]
[BlackElo "2273"]
[PlyCount "113"]
[EventDate "2001.??.??"]

1. f4 Nf6 2. Nf3 g6 3. c4 Bh6 4. e3 O-O 5. d4 d6 6. Be2 Bf5 7. Qb3 Qc8 8. O-O
e6 9. Bd3 c6 10. Nbd2 d5 11. Bxf5 exf5 12. cxd5 cxd5 13. Ne5 Nbd7 14. Ndf3 Nb6
15. Bd2 Qe6 16. Rac1 Ne4 17. Bb4 Rfc8 18. Rxc8+ Rxc8 19. Bc5 Nxc5 20. dxc5 Rxc5
21. Qa3 Qe7 22. Qxa7 Qc7 23. Nd3 Rc4 24. b3 Rc3 25. Rd1 Bg7 26. Kf1 Rc6 27. Kg1
Rc2 28. Kf1 Bc3 29. Rc1 Rxc1+ 30. Nxc1 Bd2 31. Nxd2 Qxc1+ 32. Ke2 Qc7 33. Nf3
Nd7 34. Nd4 Nf6 35. h3 Ne4 36. Qa8+ Kg7 37. Qa7 Qc3 38. Nf3 Qc2+ 39. Ke1 Qc1+
40. Ke2 Qb2+ 41. Ke1 Qxg2 42. Qd4+ f6 43. Nd2 Qxh3 44. Kd1 Qg2 45. Kc1 Nxd2 46.
Qxd2 Qxd2+ 47. Kxd2 h5 48. Ke2 g5 49. Kf2 gxf4 50. exf4 h4 51. a4 d4 52. b4 h3
53. a5 h2 54. Kg2 d3 55. Kxh2 d2 56. b5 d1=Q 57. a6 {QuarkX resigns} 0-1

[Event "ICS rated standard match"]
[Site "204.178.125.65"]
[Date "2001.01.17"]
[Round "?"]
[White "Hossa"]
[Black "Colossus"]
[Result "1-0"]
[WhiteElo "2291"]
[BlackElo "2489"]
[PlyCount "138"]
[EventDate "2001.??.??"]

1. e4 e5 2. Nf3 Nf6 3. Nxe5 d6 4. Nf3 Nxe4 5. d4 Be7 6. Bd3 Nf6 7. O-O O-O 8.
Re1 Nbd7 9. c4 Re8 10. Nc3 c6 11. Bf4 Nf8 12. d5 Ng6 13. Bxg6 fxg6 14. c5 dxc5
15. d6 Bf8 16. Qb3+ Kh8 17. Rxe8 Nxe8 18. Ng5 Nxd6 19. Nce4 c4 20. Qf3 Kg8 21.
Nxd6 Bxd6 22. Bxd6 Be6 23. Qf4 Bd5 24. Re1 Qf6 25. Qxf6 gxf6 26. Ne4 Bxe4 27.
Rxe4 Rd8 28. Bb4 Rd1+ 29. Re1 Rxe1+ 30. Bxe1 Kf7 31. f4 Ke6 32. Kf2 a6 33. Ba5
b5 34. Bb4 Kd5 35. Bc3 Ke4 36. Kg3 f5 37. h3 c5 38. a3 Ke3 39. h4 h6 40. Ba5
Ke4 41. h5 gxh5 42. Bc3 Ke3 43. Kh4 Kxf4 44. Kxh5 Kg3 45. Kxh6 Kf4 46. Be1 Kg4
47. Kg6 Kf4 48. Bd2+ Ke5 49. Kh5 Kd6 50. Kg5 Ke5 51. Be3 b4 52. Bxc5 b3 53. Bb4
Ke4 54. Bc3 f4 55. Kg4 Ke3 56. a4 Ke4 57. Bb4 Ke3 58. Kf5 f3 59. gxf3 Kxf3 60.
Ke5 c3 61. Bxc3 Ke3 62. Kd5 Kd3 63. Kc5 Ke4 64. Kc4 Ke3 65. Kxb3 Ke4 66. Kb4
Kd5 67. Ka5 Kc6 68. Kxa6 Kc7 69. Ka7 Kc8 {Colossus resigns} 1-0

[Event "ICS rated blitz match"]
[Site "204.178.125.65"]
[Date "2001.01.17"]
[Round "?"]
[White "mambrino"]
[Black "Hossa"]
[Result "1-0"]
[WhiteElo "1990"]
[BlackElo "2485"]
[PlyCount "159"]
[EventDate "2001.??.??"]

1. e4 e5 2. Nf3 Nc6 3. Nc3 Nf6 4. g3 Bc5 5. Bg2 d6 6. O-O Nd4 7. Nxd4 Bxd4 8.
Ne2 Bb6 9. c3 Qe7 10. d4 exd4 11. Nxd4 O-O 12. Re1 Bg4 13. Qb3 Be6 14. Qd1 Bc4
15. h3 Bc5 16. Qf3 Nd7 17. Nf5 Qf6 18. Be3 Ne5 19. Qd1 Nd3 20. Re2 Bxe3 21.
Rxe3 g6 22. b3 Ba6 23. Nh6+ Kg7 24. Ng4 Qxc3 25. Bf1 f5 26. Bxd3 fxg4 27. Bxa6
Qf6 28. f4 gxf3 29. Bf1 Qe5 30. Kh2 Qb2+ 31. Kg1 Kh8 32. Qc1 Qg7 33. Qc3 f2+
34. Kg2 Rf6 35. Rf3 Rxf3 36. Qxg7+ Kxg7 37. Kxf3 Rf8+ 38. Ke3 h5 39. Rc1 c6 40.
Rc2 g5 41. Rxf2 Rxf2 42. Kxf2 Kf6 43. Be2 h4 44. gxh4 gxh4 45. Kf3 Kg5 46. Bc4
a6 47. Be6 b6 48. Bd7 c5 49. e5 dxe5 50. Ke4 Kf6 51. Kd5 Ke7 52. Bg4 Kf6 53. a4
e4 54. Kxe4 b5 55. axb5 axb5 56. Kd5 c4 57. b4 Ke7 58. Kc5 c3 59. Bf5 Kf6 60.
Bd3 Ke6 61. Kxb5 Kd7 62. Kc4 Kc7 63. Kxc3 Kd7 64. Kd4 Kd6 65. Ke3 Kd5 66. Kf3
Ke5 67. Kg4 Ke6 68. Kxh4 Ke7 69. Kg4 Kd6 70. h4 Ke5 71. h5 Kd4 72. b5 Ke3 73.
b6 Kd4 74. b7 Ke3 75. b8=Q Kd2 76. h6 Kc1 77. h7 Kd2 78. h8=Q Kd1 79. Qhh2 Kc1
80. Qb1# {Hossa checkmated} 1-0

[Event "ICS rated blitz match"]
[Site "204.178.125.65"]
[Date "2001.01.17"]
[Round "?"]
[White "SK"]
[Black "Hossa"]
[Result "0-1"]
[WhiteElo "2160"]
[BlackElo "2455"]
[PlyCount "62"]
[EventDate "2001.??.??"]

1. c4 e5 2. g3 Nc6 3. Bg2 f5 4. Nc3 Nf6 5. d3 Bc5 6. e3 d6 7. Nge2 O-O 8. O-O
a5 9. a3 Bd7 10. b3 Qe7 11. Bb2 Qf7 12. Qc2 Ng4 13. h3 Nf6 14. Rae1 Qh5 15. Nb5
Bb6 16. d4 f4 17. exf4 Bf5 18. Qd2 Bxh3 19. c5 dxc5 20. dxe5 Rad8 21. Qc3 Ng4
22. Qf3 Bxg2 23. Qxg2 Qf5 24. Nec3 c4 25. bxc4 Rd2 26. Bc1 Bxf2+ 27. Rxf2 Rxf2
28. Qd5+ Kh8 29. Ne4 Qh5 30. Nxf2 Qh2+ 31. Kf1 Qxf2# {SK checkmated} 0-1

[Event "ICS rated blitz match"]
[Site "204.178.125.65"]
[Date "2001.01.17"]
[Round "?"]
[White "Hossa"]
[Black "JH-Donnol"]
[Result "1-0"]
[WhiteElo "2460"]
[BlackElo "2467"]
[PlyCount "68"]
[EventDate "2001.??.??"]

1. e4 c5 2. Nf3 d6 3. d4 cxd4 4. Nxd4 Nf6 5. Nc3 a6 6. a4 e6 7. Be2 Be7 8. O-O
O-O 9. f4 Qc7 10. Kh1 Nc6 11. Be3 Re8 12. Bf3 Rb8 13. Qd2 Bd7 14. Nb3 b6 15.
Rad1 Bc8 16. Qf2 Nd7 17. f5 exf5 18. Bg4 Bf6 19. Nd5 Qd8 20. Bxf5 Bxb2 21. c3
Ba3 22. Bg5 f6 23. Qh4 h6 24. Bxh6 Nce5 25. Qg3 Re7 26. Nd4 Nf8 27. Nxf6+ Kh8
28. Bg5 Nf7 29. Nc6 Bxf5 30. Nxd8 Rxd8 31. exf5 Rb8 32. Qh4+ Nh6 33. Nh5 Rf7
34. Bxh6 gxh6 {JH-Donnol resigns} 1-0

[Event "ICS rated blitz match"]
[Site "204.178.125.65"]
[Date "2001.01.17"]
[Round "?"]
[White "JH-Donnol"]
[Black "Hossa"]
[Result "0-1"]
[WhiteElo "2451"]
[BlackElo "2476"]
[PlyCount "110"]
[EventDate "2001.??.??"]

1. e4 e5 2. Nf3 Nc6 3. Bb5 a6 4. Ba4 Nf6 5. O-O Be7 6. Re1 b5 7. Bb3 O-O 8. c3
d6 9. h3 Bb7 10. d4 Re8 11. Nbd2 exd4 12. cxd4 Nb4 13. Qe2 c5 14. e5 dxe5 15.
dxe5 Nfd5 16. e6 Rf8 17. exf7+ Rxf7 18. Ne5 Rf5 19. Ng6 hxg6 20. Qxe7 c4 21.
Qe6+ Kh7 22. Bd1 Nd3 23. Nf3 Nc7 24. Qe7 Nxe1 25. Qxe1 Qf6 26. a4 bxa4 27. Rxa4
Bd5 28. Ra3 Rd8 29. Re3 Ne6 30. Bc2 Rxf3 31. gxf3 Nd4 32. Be4 Bxe4 33. fxe4
Nf3+ 34. Rxf3 Qxf3 35. Bd2 Rd4 36. Kh2 Rxe4 37. Be3 Qf5 38. Qc3 Rh4 39. Bb6 g5
40. Kg2 g4 41. hxg4 Rxg4+ 42. Kf1 Qd3+ 43. Qxd3+ cxd3 44. Ba5 Re4 45. Bc3 Re2
46. Bd4 g5 47. Bc3 Kg6 48. Bh8 Kf5 49. b4 Ke4 50. Bf6 Kf3 51. Bxg5 d2 52. Bxd2
Rxd2 53. Kg1 Rd1+ 54. Kh2 Re1 55. b5 axb5 {JH-Donnol resigns} 0-1

[Event "ICS rated blitz match"]
[Site "204.178.125.65"]
[Date "2001.01.17"]
[Round "?"]
[White "Hossa"]
[Black "Conjecture"]
[Result "1-0"]
[WhiteElo "2491"]
[BlackElo "2051"]
[PlyCount "131"]
[EventDate "2001.??.??"]

1. d4 e6 2. c4 c5 3. Nf3 Nf6 4. Nc3 b6 5. e4 cxd4 6. Nxd4 d6 7. Bd3 Bb7 8. O-O
Nbd7 9. Qa4 Be7 10. Nc6 Bxc6 11. Qxc6 O-O 12. Qa4 Nc5 13. Qc2 Nxd3 14. Qxd3 Qc7
15. Nb5 Qc6 16. Bg5 Rfd8 17. Rfd1 a6 18. Nd4 Qc5 19. Bf4 Rac8 20. b3 Ne8 21.
Be3 Qc7 22. Bd2 Bf6 23. Bb4 Rd7 24. Qe3 Rcd8 25. Bc3 Qb7 26. Rac1 Nc7 27. a3 b5
28. cxb5 Bxd4 29. Qxd4 e5 30. bxa6 exd4 31. axb7 dxc3 32. Rxc3 Na6 33. Rd5 Rxb7
34. Rxd6 Ra8 35. Rxa6 Rd8 36. Rd6 Ra8 37. a4 g6 38. Rcd3 Kg7 39. Rd7 Rb4 40.
Rf3 Rf8 41. Re7 h6 42. Kf1 g5 43. g4 Kg6 44. a5 f6 45. Rd3 Rb5 46. a6 Ra5 47.
a7 Ra8 48. Rdd7 Rg8 49. Rb7 Ra1+ 50. Kg2 Rxa7 51. Rxa7 h5 52. Kg3 h4+ 53. Kf3
Kh6 54. b4 Kg6 55. Rg7+ Rxg7 56. Rxg7+ Kxg7 57. b5 Kf7 58. b6 Ke7 59. b7 Kd7
60. b8=Q Ke6 61. Qd8 Kf7 62. Qd7+ Kg6 63. Qc7 Kh6 64. Qf7 f5 65. exf5 h3 66.
Qg6# {Conjecture checkmated} 1-0

[Event "ICS rated standard match"]
[Site "204.178.125.65"]
[Date "2001.01.17"]
[Round "?"]
[White "Hossa"]
[Black "BrazilianMaster"]
[Result "0-1"]
[WhiteElo "2315"]
[BlackElo "2608"]
[PlyCount "98"]
[EventDate "2001.??.??"]

1. e4 e5 2. Nf3 d6 3. d4 exd4 4. Nxd4 Nf6 5. Nc3 Be7 6. Be2 O-O 7. O-O a6 8. f4
Re8 9. Bf3 Bf8 10. Be3 g6 11. Qe1 Bg7 12. Qg3 Nbd7 13. Nde2 Qe7 14. Bf2 Nb6 15.
b3 Nbd7 16. Bd4 c5 17. Bf2 Rb8 18. a4 b5 19. Rae1 b4 20. Nd5 Nxd5 21. exd5 Qf8
22. f5 Ne5 23. fxg6 Nxf3+ 24. Qxf3 fxg6 25. Qd3 a5 26. Bg3 Bf5 27. Qa6 Ra8 28.
Qb6 Re4 29. Bxd6 Qe8 30. Qb7 Rd8 31. Bxc5 Rxe2 32. Rxe2 Qxe2 33. d6 Rf8 34. Bf2
Be4 35. Qb5 Qxc2 36. d7 Bd4 37. Qc4+ Qxc4 38. bxc4 Bd3 39. g4 Bxf1 40. Bxd4 Bh3
41. Bf6 b3 42. d8=Q Rxd8 43. Bxd8 b2 44. Bxa5 b1=Q+ 45. Kf2 Qd3 46. Bc7 Bxg4
47. Be5 Qf3+ 48. Kg1 Bh3 49. a5 Qf1# {Hossa checkmated} 0-1

[Event "ICS rated standard match"]
[Site "204.178.125.65"]
[Date "2001.01.17"]
[Round "?"]
[White "BrazilianMaster"]
[Black "Hossa"]
[Result "1-0"]
[WhiteElo "2613"]
[BlackElo "2310"]
[PlyCount "75"]
[EventDate "2001.??.??"]

1. Nf3 d5 2. d4 Nf6 3. c4 c6 4. Nc3 dxc4 5. a4 Bf5 6. Ne5 e6 7. f3 Bb4 8. e4
Bxe4 9. fxe4 Nxe4 10. Bd2 Qxd4 11. Nxe4 Qxe4+ 12. Qe2 Bxd2+ 13. Kxd2 Qd5+ 14.
Kc3 O-O 15. Qe3 b5 16. Be2 f6 17. Ng4 a5 18. axb5 Qd6 19. Bf3 f5 20. Ne5 Qb4+
21. Kc2 Qxb5 22. Rhd1 Re8 23. Be2 Na6 24. Bxc4 Nb4+ 25. Kb1 Qb8 26. Rd7 h6 27.
Ng4 Nd5 28. Bxd5 exd5 29. Nf6+ gxf6 30. Qxh6 Re1+ 31. Ka2 Qxb2+ 32. Kxb2 Rb8+
33. Kc2 Re2+ 34. Kd1 Re1+ 35. Kxe1 Re8+ 36. Kd2 Re7 37. Rxe7 c5 38. Qg7# {
Hossa checkmated} 1-0